| 000 | 00904nam a2200277 i 4500 | ||
|---|---|---|---|
| 001 | bg | ||
| 100 | 1 | _aJACKOWSKI, Jacek | |
| 245 | 1 | 0 |
_aPorowatość odlewów kompozytowych wytwarzanych przez nasycanie zbrojenia metalem / _cJacek Jackowski. |
| 260 |
_aPoznań : _bWydaw. Politechniki Poznańskiej, _c2004. |
||
| 300 |
_a147, [1] s. : _bil. ; _c24 cm. |
||
| 490 | 1 |
_aRozprawy / Politechnika Poznańska, _x0551-6528 ; _vnr 380 |
|
| 500 | _aStrescz. ang. | ||
| 504 | _aBibliogr. | ||
| 650 | 9 |
_aOdlewnictwo _xtechnologia |
|
| 650 | 9 |
_aOdlewnictwo _xmateriały _xbadanie |
|
| 650 | 9 |
_aKompozyty _xtechnologia |
|
| 650 | 9 |
_aKompozyty _xmateriały _xbadanie |
|
| 830 | 0 |
_aRozprawy (Politechnika Poznańska) ; _vnr 380 |
|
| 020 | _a8371432003 | ||
| 040 | _cBPK | ||
| 041 | 0 |
_apol _heng |
|
| 080 | _a621.74:620.1 | ||
| 920 | _a83-7143-200-3 | ||
| 942 | _cKS | ||
| 008 | s pl f |000 0 pol | ||
| 999 |
_c44562 _d44562 |
||
| 856 |
_uhttp://koha.tu.koszalin.pl/cgi-bin/koha/opac-detail.pl?biblionumber=44562 _yKatalog online BPK |
||